[Event "Internet Section 06B g/8'+2\""]
[Site "Dos Hermanas"]
[Date "2004.03.06"]
[Round "1"]
[White "Blake, Michael J"]
[Black "Strayer, Geofrey"]
[Result "0-1"]
[WhiteElo "1755"]
[BlackElo "2309"]
[PlyCount "54"]
[EventDate "2004.03.06"]
[EventType "swiss (blitz)"]
[EventRounds "9"]
[EventCountry "ESP"]
[SourceTitle "CBM 099 Extra"]
[Source "ChessBase"]
[SourceDate "2004.05.04"]
[SourceVersion "1"]
[SourceVersionDate "2004.05.04"]
[SourceQuality "1"]

1. e4 Nf6 2. Nc3 e5 3. Nf3 Nc6 4. Bb5 Nd4 5. Ba4 c6 6. 0-0 Qa5 7. d3 d6 8. Bd2 Bg4 9. Bb3 Bxf3 10. gxf3 Qd8 11. f4 Be7 12. Ne2 Nf3+ 13. Kh1 Ng4 14. Ng3 Nfxh2 15. Rg1 Nxf2+ 16. Kxh2 Nxd1 17. Raxd1 Bf6 18. Nf5 g6 19. Nh6 Rf8 20. f5 Bg7 21. Rg4 Qe7 22. fxg6 fxg6 23. Bg5 Bf6 24. Rdg1 Bxg5 25. Rxg5 Rf4 26. Ng8 Rh4+ 27. Kg3 Qxg5+ 0-1

[Event "Internet Section 06A g/8'+2\""]
[Site "Dos Hermanas"]
[Date "2004.03.06"]
[Round "7"]
[White "Strayer, Geofrey"]
[Black "Alejar, Paolo P"]
[Result "1-0"]
[WhiteElo "2360"]
[BlackElo "2006"]
[PlyCount "71"]
[EventDate "2004.03.06"]
[EventType "swiss (blitz)"]
[EventRounds "9"]
[EventCountry "ESP"]
[SourceTitle "CBM 099 Extra"]
[Source "ChessBase"]
[SourceDate "2004.05.04"]
[SourceVersion "1"]
[SourceVersionDate "2004.05.04"]
[SourceQuality "1"]

1. Nf3 f5 2. c4 Nf6 3. g3 g6 4. Bg2 Bg7 5. Nc3 0-0 6. d4 d6 7. 0-0 Nc6 8. d5 Na5 9. Qa4 c5 10. dxc6 Nxc6 11. Rd1 Qa5 12. Qb3 Qb4 13. Qxb4 Nxb4 14. Nd4 Ng4 15. Rb1 Ne5 16. Bg5 Kf7 17. a3 Na6 18. Ndb5 Nxc4 19. Bd5+ Be6 20. Bxb7 Rab8 21. Bxa6 Rb6 22. Nc7 Nxb2 23. Rdc1 Rfb8 24. Nxe6 Kxe6 25. Bd3 Nxd3 26. exd3 Rc8 27. Rxb6 axb6 28. Re1+ Kf7 29. Rxe7+ Kf8 30. Nd5 h6 31. Be3 Ra8 32. Rd7 Be5 33. d4 Bg7 34. Nc7 Re8 35. Nxe8 Kxe8 36. Rxg7 1-0

[Event "Internet Section 06A g/8'+2\""]
[Site "Dos Hermanas"]
[Date "2004.03.06"]
[Round "3"]
[White "Strayer, Geofrey"]
[Black "Rom, Jasper B"]
[Result "1-0"]
[WhiteElo "2360"]
[BlackElo "2586"]
[PlyCount "73"]
[EventDate "2004.03.06"]
[EventType "swiss (blitz)"]
[EventRounds "9"]
[EventCountry "ESP"]
[SourceTitle "CBM 099 Extra"]
[Source "ChessBase"]
[SourceDate "2004.05.04"]
[SourceVersion "1"]
[SourceVersionDate "2004.05.04"]
[SourceQuality "1"]

1. Nf3 d5 2. d4 e6 3. c4 c6 4. Qc2 f5 5. Bg5 Nf6 6. Nc3 Bd6 7. Bxf6 Qxf6 8. cxd5 exd5 9. Nxd5 Qf7 10. Nc3 0-0 11. e3 f4 12. e4 Bg4 13. Qb3 Be6 14. Qc2 Qg6 15. 0-0-0 Kh8 16. e5 Bf5 17. Bd3 Be7 18. h4 Na6 19. a3 Nc7 20. Bxf5 Rxf5 21. Ne4 Raf8 22. Neg5 h6 23. h5 Qe8 24. Ne4 Qf7 25. Rhe1 Qa2 26. Nd6 Qa1+ 27. Kd2 Qxd1+ 28. Kxd1 Rxh5 29. Qg6 Rg5 30. Nxg5 Bxg5 31. Nf7+ Kg8 32. Nxg5 hxg5 33. Qxg5 Ne6 34. Qg6 Nxd4 35. e6 Rf6 36. Qxf6 gxf6 37. e7 1-0

[Event "Los Angeles"]
[Site "Los Angeles"]
[Date "1992.??.??"]
[Round "?"]
[White "Boctor, Wageeh"]
[Black "Strayer, Geofrey"]
[Result "0-1"]
[WhiteElo "2220"]
[BlackElo "2310"]
[PlyCount "86"]
[EventDate "1992.??.??"]
[EventType "tourn"]
[EventRounds "9"]
[EventCountry "USA"]
[EventCategory "2"]
[SourceTitle "EXT 1997"]
[Source "ChessBase"]
[SourceDate "1996.11.15"]
[SourceVersion "1"]
[SourceVersionDate "1996.11.15"]
[SourceQuality "1"]

1. Nf3 Nf6 2. c4 g6 3. b4 Bg7 4. Bb2 0-0 5. g3 a5 6. a3 axb4 7. axb4 Rxa1 8. Bxa1 d6 9. Bg2 e5 10. 0-0 Bg4 11. h3 Be6 12. d3 h6 13. Nbd2 Nc6 14. Bc3 Nd7 15. e4 Ne7 16. d4 f5 17. exf5 gxf5 18. dxe5 dxe5 19. Nh4 f4 20. Kh2 c6 21. Bf3 b5 22. Bg4 Bf7 23. cxb5 Nd5 24. bxc6 Nxc3 25. Qc2 e4 26. cxd7 e3 27. Ne4 Nd5 28. Nf5 exf2 29. Qxf2 h5 30. Nxg7 hxg4 31. Nf5 Bg6 32. hxg4 Qxd7 33. Qa2 Bxf5 34. gxf5 Rxf5 35. gxf4 Rh5+ 36. Kg1 Kh8 37. Qg2 Rh4 38. Rd1 Rg4 39. Ng3 Qa7+ 40. Qf2 Rxg3+ 41. Kf1 Qa6+ 42. Qe2 Rf3+ 43. Ke1 Re3 0-1

[Event "Los Angeles"]
[Site "Los Angeles"]
[Date "1992.??.??"]
[Round "?"]
[White "Longren, William B"]
[Black "Strayer, Geofrey"]
[Result "1/2-1/2"]
[WhiteElo "2305"]
[BlackElo "2310"]
[PlyCount "76"]
[EventDate "1992.??.??"]
[EventType "tourn"]
[EventRounds "9"]
[EventCountry "USA"]
[EventCategory "2"]
[SourceTitle "EXT 1997"]
[Source "ChessBase"]
[SourceDate "1996.11.15"]
[SourceVersion "1"]
[SourceVersionDate "1996.11.15"]
[SourceQuality "1"]

1. e4 e5 2. Nf3 Nc6 3. Bb5 a6 4. Ba4 d6 5. c4 Bd7 6. d4 exd4 7. Nxd4 g6 8. Nc3 Bg7 9. Bxc6 bxc6 10. c5 Nf6 11. Nb3 d5 12. Bg5 h6 13. Bxf6 Bxf6 14. exd5 Qe7+ 15. Qe2 Qxe2+ 16. Kxe2 0-0-0 17. Rhd1 cxd5 18. Nd4 c6 19. Kd3 Kc7 20. b4 Rhe8 21. Re1 Bf5+ 22. Nxf5 gxf5 23. Rad1 Bxc3 24. Kxc3 Re4 25. f3 Rc4+ 26. Kb3 Kd7 27. Re5 Rh4 28. h3 Re8 29. Rde1 Rxe5 30. Rxe5 f6 31. Re2 Rh5 32. Ka4 f4 33. Ka5 Re5 34. Rd2 Re3 35. Kxa6 Kc7 36. a4 Re8 37. Ka7 Rb8 38. Rd4 Rb7+ 1/2-1/2

[Event "Los Angeles"]
[Site "Los Angeles"]
[Date "1992.??.??"]
[Round "?"]
[White "Strayer, Geofrey"]
[Black "Brooks, Michael A"]
[Result "0-1"]
[WhiteElo "2310"]
[BlackElo "2440"]
[PlyCount "59"]
[EventDate "1992.??.??"]
[EventType "tourn"]
[EventRounds "9"]
[EventCountry "USA"]
[EventCategory "2"]
[SourceTitle "EXT 1997"]
[Source "ChessBase"]
[SourceDate "1996.11.15"]
[SourceVersion "1"]
[SourceVersionDate "1996.11.15"]
[SourceQuality "1"]

1. d4 Nf6 2. c4 g6 3. Nc3 Bg7 4. Nf3 0-0 5. Bf4 d6 6. h3 Nbd7 7. e3 b6 8. Be2 Bb7 9. 0-0 Re8 10. Qc2 e5 11. Bh2 exd4 12. exd4 Ne4 13. Rfe1 Nxc3 14. bxc3 Be4 15. Qa4 Nf8 16. Rad1 Qd7 17. Qb3 Qf5 18. Qb5 a6 19. Qb4 Bh6 20. d5 Bxf3 21. Bxf3 Bd2 22. Rxe8 Rxe8 23. Bg3 Re1+ 24. Rxe1 Bxe1 25. c5 bxc5 26. Qb7 Bxc3 27. Qxa6 Qc2 28. Qa7 c4 29. Qxc7 Bb4 30. Bxd6 0-1

[Event "Los Angeles"]
[Site "Los Angeles"]
[Date "1992.??.??"]
[Round "?"]
[White "Strayer, Geofrey"]
[Black "Lucky, David N"]
[Result "1-0"]
[WhiteElo "2310"]
[BlackElo "2240"]
[PlyCount "121"]
[EventDate "1992.??.??"]
[EventType "tourn"]
[EventRounds "9"]
[EventCountry "USA"]
[EventCategory "2"]
[SourceTitle "EXT 1997"]
[Source "ChessBase"]
[SourceDate "1996.11.15"]
[SourceVersion "1"]
[SourceVersionDate "1996.11.15"]
[SourceQuality "1"]

1. d4 Nf6 2. c4 e6 3. Nf3 c5 4. e3 cxd4 5. exd4 d5 6. Nc3 Be7 7. Bd3 dxc4 8. Bxc4 0-0 9. 0-0 a6 10. a4 Nc6 11. Re1 b6 12. Bg5 Bb7 13. Qd2 Rc8 14. Rad1 Na5 15. Ba2 Bxf3 16. gxf3 Nd5 17. Bxe7 Nxe7 18. d5 Nxd5 19. Nxd5 exd5 20. Bxd5 Qf6 21. Qd4 Qxd4 22. Rxd4 b5 23. Re7 Nc6 24. Bxc6 Rxc6 25. axb5 axb5 26. Rb7 Rc5 27. Rb4 Rg5+ 28. Kf1 Rc8 29. R7xb5 Rc1+ 30. Ke2 Rxb5 31. Rxb5 g6 32. Rb4 Kg7 33. Ke3 Rh1 34. h4 Kh6 35. Rc4 Rb1 36. b4 f5 37. Kd4 Rb2 38. Kc5 Rxf2 39. b5 Rxf3 40. b6 Re3 41. b7 Re8 42. Kb6 Kh5 43. Rc8 Re2 44. Kc5 Rb2 45. b8Q Rxb8 46. Rxb8 Kxh4 47. Kd4 g5 48. Rb5 Kg4 49. Ke3 h5 50. Kf2 h4 51. Kg2 Kf4 52. Rb8 g4 53. Rf8 Kg5 54. Rh8 h3+ 55. Kh2 Kf4 56. Rf8 Ke4 57. Kg3 Ke5 58. Ra8 Kf6 59. Kf4 Kg6 60. Rg8+ Kh6 61. Kxf5 1-0